Statistics for Most popular programming languages

Click here to take the quiz!

General Stats

  • This quiz has been taken 1,764 times
  • The average score is 11 of 30

Answer Stats

Answer% Correct
C
97%
C#
97%
C++
97%
Java
96%
Python
82%
JavaScript
75%
Ruby
59%
PHP
55%
Visual Basic
48%
SQL
42%
D
38%
Perl
37%
Pascal
35%
Fortran
32%
Cobol
28%
Objective C
25%
Haskell
24%
Assembly
24%
Lisp
22%
Lua
14%
Scala
13%
Ada
12%
Shell
12%
Delphi
11%
Erlang
8%
Scheme
6%
Actionscript
6%
Smalltalk
6%
Tcl
3%
ColdFusion
2%

Score Distribution

Percentile by Number Answered

Percent of People with Each Score

Your Score History

You have not taken this quiz